Langue française: Homonymes - Statistiques

Statistiques générales
  • Ce quiz a été pris 79 249 fois
    78 625 depuis la dernière actualisation
  • Le résultat moyen est 26 sur 30
Statistiques - réponses
Réponse % Correct
Lait
99%
Tante
98%
Vert
98%
Laid
97%
Tente
97%
Ancre
96%
Encre
96%
Fois
96%
Pain
96%
Amande
95%
Amende
95%
Mer
95%
Verre
95%
Foie
94%
Maire
94%
Pin
92%
Être
91%
Roue
91%
Roux
91%
Sein
91%
Sain
90%
Hôtel
86%
Hêtre
83%
Saoul
83%
Autel
82%
Thon
82%
Sous
80%
Ton
80%
Signe
33%
Cygne
32%
Aucun quiz correspondant
Distribution des résultats
% des personnes avec chaque résultat
Percentile par nombre de réponses
Votre historique - résultats
Vous n’avez pas pris ce quiz depuis la dernière actualisation